Аленький цветочек: роман

Bibliografische gegevens
Hoofdauteur: Семенова М. В. Мария Васильевна
Andere auteurs: Разумовский Ф. Феликс
Samenvatting:Исключено из фонда НТБ ТПУ
Taal:Russisch
Gepubliceerd in: СПб., Азбука, 2001
Reeks:Русский проект
Formaat: MixedMaterials Boek
KOHA link:https://koha.lib.tpu.ru/cgi-bin/koha/opac-detail.pl?biblionumber=30529

MARC

LEADER 00000nam0a2200000 4500
001 30529
005 20231030203941.0
010 |a 5267005843 
010 |a 5-224-03179-6 
035 |a (RuTPU)RU\TPU\book\30799 
035 |a BOOK00030876 
090 |a 30529 
100 |a 20011209d2001 m y0rusy50 ca 
101 0 |a rus 
102 |a RU 
105 |a y z 000ay 
200 1 |a Аленький цветочек  |e роман  |f М. Семенова, Ф. Разумовский 
210 |a СПб.  |a Москва  |c Азбука  |c Олма-Пресс  |d 2001 
215 |a 448 с. 
225 1 |a Русский проект 
333 |a Исключено из фонда НТБ ТПУ 
700 1 |a Семенова  |b М. В.  |g Мария Васильевна 
701 1 |a Разумовский  |b Ф.  |g Феликс 
801 0 |a RU  |b 63413507  |c 20011209  |g PSBO 
801 2 |a RU  |b 63413507  |c 20220513  |g PSBO 
942 |c BK